भारतीय साक्ष अधिनियम २०२३: Bharatiya Sakshya Adhiniyam 2023 (Record no. 1215155)

MARC details
000 -LEADER
fixed length control field 00648nam a22001937a 4500
003 - CONTROL NUMBER IDENTIFIER
control field OSt
005 - DATE AND TIME OF LATEST TRANSACTION
control field 20260120161319.0
008 - FIXED-LENGTH DATA ELEMENTS--GENERAL INFORMATION
fixed length control field 260120b |||||||| |||| 00| 0 eng d
037 ## - SOURCE OF ACQUISITION
Stock number 6349
Source of stock number/acquisition Bharati Madhyavarti Sahakari Grahak Bhandar Pune
040 ## - CATALOGING SOURCE
Transcribing agency NLK
041 ## - LANGUAGE CODE
Language code of text/sound track or separate title Marathi
082 ## - DEWEY DECIMAL CLASSIFICATION NUMBER
Classification number 347.5406
Item number CHA
100 ## - MAIN ENTRY--PERSONAL NAME
Personal name ॲड. प. रा. चांदे
245 ## - TITLE STATEMENT
Title भारतीय साक्ष अधिनियम २०२३: Bharatiya Sakshya Adhiniyam 2023
Statement of responsibility, etc. P R Chande
260 ## - PUBLICATION, DISTRIBUTION, ETC.
Place of publication, distribution, etc. Pune
Name of publisher, distributor, etc. Mukund Prakashan
Date of publication, distribution, etc. 2025
300 ## - PHYSICAL DESCRIPTION
Extent 416
650 ## - SUBJECT ADDED ENTRY--TOPICAL TERM
Topical term or geographic name entry element Law of evidence—India; Bharatiya Sakshya Adhiniyam
942 ## - ADDED ENTRY ELEMENTS (KOHA)
Source of classification or shelving scheme Dewey Decimal Classification
Koha item type Textbook
Suppress in OPAC No
Holdings
Withdrawn status Lost status Source of classification or shelving scheme Damaged status Not for loan Home library Current library Shelving location Date acquired Source of acquisition Cost, normal purchase price Total Checkouts Full call number Barcode Date last seen Price effective from Koha item type
    Dewey Decimal Classification     New Law College, Kolhapur New Law College, Kolhapur Row -3/Rack -5/Shelf -B 14/01/2026 Bharati Madhyavarti Sahakari Grahak Bhandar Pune 495.00   347.5406/CHA NLK-9953 21/01/2026 20/01/2026 Textbook
    Dewey Decimal Classification     New Law College, Kolhapur New Law College, Kolhapur Row -3/Rack -5/Shelf -B 14/01/2026 Bharati Madhyavarti Sahakari Grahak Bhandar Pune 495.00   347.5406/CHA NLK-9954 21/01/2026 20/01/2026 Textbook